Obras [de Ricardo Morales Avilés] : no pararemos de andar jamás /

Guardat en:
Dades bibliogràfiques
Autor principal: Morales Avilés, Ricardo (autor)
Altres autors: Wheelock Román, Jaime (prólogo) (prólogo), Arce Castaño, Bayardo (prólogo) (prólogo)
Format: Llibre
Idioma:espanyol
Publicat: Managua, Nicaragua : Nueva Imagen, 1981, c1981
Col·lecció:(Pensamiento Vivo ; 3)
Matèries:
Etiquetes: Afegir etiqueta
Sense etiquetes, Sigues el primer a etiquetar aquest registre!

MARC

LEADER 00000nam^a2200000^a^4500
001 000396280
005 20250521000000.0
009 20260310121425.44
037 |a Acervo ITESO - Biblioteca 
041 |a ESP 
082 |a 868.  |b MOR 
100 |a Morales Avilés, Ricardo  |e (autor) 
245 1 0 |a Obras [de Ricardo Morales Avilés] :  |b no pararemos de andar jamás /  |c R. Morales Avilés ; pról. de J. Wheelock Román, B. Arce Castaño. 
264 4 |a Managua, Nicaragua :  |b Nueva Imagen,  |c 1981, c1981 
300 |a 171 p. 
336 |a texto  |b txt  |2 rdacontenido 
337 |a sin mediación  |b n  |2 rdamedio 
338 |a volumen  |b nc  |2 rdasoporte 
440 1 |a (Pensamiento Vivo ;  |v 3) 
649 |a XX 
650 |a Poesía Nicaragüense 
650 |a Prosa Literaria Nicaragüense 
650 |a Literatura Nicaragüense -  |y Siglo XX 
650 |a Literatura y Política -  |z Nicaragua 
700 |a Wheelock Román, Jaime  |e (prólogo) 
700 |a Arce Castaño, Bayardo  |e (prólogo) 
910 |a Fondo Carlos Núñez Hurtado 
920 |a Impresos - Libros 
930 |a Fondos Especiales 
940 |a Literatura 
905 |a 117 
901 |a 0500291752  |b IT2  |c ESP  |i D79775  |u 20250521 
902 |a https://opac.biblio.iteso.mx/vufind/Record/000396280